000 00961nam a2200289 i 4500
001 35929
003 BD-RjUL
005 20211209052414.0
008 140611s1978 caua b 001 0 eng d
020 _a0803907079
020 _a0803907087 (pbk.)
035 _a(BD-RjUL)36025
040 _aDLC
_cDLC
_dDLC
_dDLC
_dBD-RjUL
_beng
041 _aeng
082 0 0 _a353.0973
_bNAT 1978
_223
245 0 0 _aNationalizing government :
_bpublic policies in America /
_cTheodore J. Lowi, Alan Stone, editors.
260 _aBeverly Hills, Calif. :
_bSage Publications,
_cc1978.
300 _a455 p. :
_bill. ;
_c22 cm.
504 _aIncludes bibliographical references and indexes.
650 0 _aU.S. federal & state governments
_9109376
651 0 _aUnited States
_xPolitics and government
_y1945-1989.
_9109377
700 1 _aLowi, Theodore J.
_9109378
700 1 _aStone, Alan,
_d1931-
_99006
942 _2ddc
_cBK
999 _c35929
_d35929